| 000 | 01102nam a22002177a 4500 | ||
|---|---|---|---|
| 999 |
_c2430 _d2430 |
||
| 003 | AR-CdUCM | ||
| 008 | 190304b ||||| |||| 00| 0 spa d | ||
| 040 |
_aMUNICIPALIDAD PROVINCIAL DEL CUSCO _cBIBLIOTECA MUNICIPAL DEL CUSCO |
||
| 082 |
_a378.9856 / _bG66 |
||
| 100 |
_aGonzales Ríos, José _96726 |
||
| 245 |
_aLa federación universitaria Cusco y los movimientos sociales : _b1959 - 1991 / |
||
| 260 |
_aCusco : _bInstituto de Investigación Universidad y Región, _c1992. |
||
| 300 |
_a135 páginas ; _c20 cm. |
||
| 500 | _aantes del titulo, "Homenaje al Tricentenario de Fundación de la Universidad Nacional de San Antonino Abad del Cusco" | ||
| 505 | _aContenido: Disputa por la Hegemonía: 1959-1961 -- Inicio de la Hegemonía de la izquierda: 1962-1968 -- Desarticulación de la FUC y dispersión del movimiento universitario : 1968 - 1974 -- Reconstrucción y AUGE de la FUC : 1974 - 1983 ... | ||
| 650 |
_aMovimiento Universitario _98725 |
||
| 650 |
_aUNSAAC _98726 |
||
| 650 |
_aConflicto académico, económico, ideológico y político _98727 |
||
| 942 |
_2ddc _cLIBROS |
||
| 945 | _aachl | ||